000 00207nam a2200109Ia 4500
100 _a#N/A
942 _cBK
245 _aPCQ Cloud Computing Resource kit
260 _b#N/A
546 _aENGLISH
999 _c24470
_d24470